000 01282cam a2200241 i 4500
999 _c57929
_d57929
001 18609383
005 20221110170519.0
008 150508s2015 enk b 000 0 eng
020 _a9781783485383x
041 _aeng
080 _a316.3 D-53
100 1 _aDiamond, Patrick,
_910986
245 1 4 _aThe social reality of Europe after the crisis :
_btrends, challenges and responses /
_cPatrick Diamond, Roger Liddle and Daniel Sage.
264 1 _aNew York :
_bRowman & Littlefield, International,
_c[2015]
300 _avii, 73 pages ;
_c22 cm.
653 _aევროპის სოციალური რეალობა კრიზისის შემდეგ : ტენდენციები, გამოწვევები და პასუხები
653 _aСоциальная реальность Европы после кризиса : тенденции, вызовы и ответы
700 _aLiddle, Roger.
_eავტორი
_910991
700 _bSage,Daniel
_eავტორი
_910992
856 4 2 _3Contributor biographical information
_uhttps://www.loc.gov/catdir/enhancements/fy1614/2015940889-b.html
856 4 1 _3Table of contents only
_uhttps://www.loc.gov/catdir/enhancements/fy1614/2015940889-t.html
942 _2udc
_cBK